[Event "ESP-ch U12"]
[Site "Salobrena"]
[Date "2020.08.01"]
[Round "9"]
[White "Ramos Redondo, Nayeli"]
[Black "Rodriguez Canovas, Elena"]
[Result "0-1"]
[WhiteElo "1170"]
[BlackElo "1457"]
[PlyCount "120"]
[EventDate "2020.07.27"]
[EventType "swiss"]
[EventRounds "9"]
[EventCountry "ESP"]
[SourceTitle "EXT 2021"]
[Source "ChessBase"]
[SourceDate "2020.10.23"]
[SourceVersion "1"]
[SourceVersionDate "2020.10.23"]
[SourceQuality "1"]

1. e4 c5 2. Nf3 a6 3. g3 b5 4. Bg2 Bb7 5. d3 g6 6. 0-0 Bg7 7. a3 e6 8. Re1 Ne7 9. Be3 d6 10. c3 0-0 11. Qd2 c4 12. dxc4 bxc4 13. Bh6 Nbc6 14. Bxg7 Kxg7 15. Nh4 Na5 16. Qe2 Nb3 17. Ra2 Rc8 18. Nd2 Nxd2 19. Qxd2 Nc6 20. f4 Qe7 21. Bh3 Rcd8 22. f5 exf5 23. exf5 Ne5 24. Bg2 Bxg2 25. Kxg2 Qb7+ 26. Kh3 Nf3 27. Nxf3 Qxf3 28. Qd4+ Kg8 29. fxg6 fxg6 30. Qxc4+ d5 31. Qe2 Qf5+ 32. Qg4 Qf2 33. Re2 Qf1+ 34. Rg2 Rf5 35. b4 Rh5+ 36. Qxh5 gxh5 37. Raf2 Qc4 38. Rf4 Qc8+ 39. Kh4 Rf8 40. Rd4 Qxc3 41. Rgd2 Qf3 42. a4 Qf6+ 43. Kh3 Rd8 44. b5 axb5 45. axb5 Qb6 46. Rb4 d4 47. Rd3 Qe6+ 48. Kg2 Qe2+ 49. Kh3 Qxd3 50. b6 Qf1+ 51. Kh4 Qf6+ 52. Kh3 Rb8 53. b7 Qe6+ 54. Kg2 Qc6+ 55. Kh3 d3 56. Rd4 Qe6+ 57. Kg2 Rxb7 58. Rd8+ Kg7 59. h3 Qe2+ 60. Kg1 Rb1# 0-1

[Event "ESP-ch U12"]
[Site "Salobrena"]
[Date "2020.07.27"]
[Round "2"]
[White "Arce Gonzalez, Dario"]
[Black "Ramos Redondo, Nayeli"]
[Result "1-0"]
[WhiteElo "1371"]
[BlackElo "1170"]
[PlyCount "55"]
[EventDate "2020.07.27"]
[EventType "swiss"]
[EventRounds "9"]
[EventCountry "ESP"]
[SourceTitle "EXT 2021"]
[Source "ChessBase"]
[SourceDate "2020.10.23"]
[SourceVersion "1"]
[SourceVersionDate "2020.10.23"]
[SourceQuality "1"]

1. d4 Nf6 2. Bf4 g6 3. Nf3 Bg7 4. e3 0-0 5. c3 d5 6. h3 b6 7. Nbd2 Re8 8. Bb5 Bd7 9. Bxd7 Qxd7 10. Ne5 Qd8 11. 0-0 Nfd7 12. Ndf3 f6 13. Nxd7 Nxd7 14. Qb3 e5 15. Qxd5+ Kh8 16. dxe5 fxe5 17. Bg5 Qc8 18. Rad1 Nf6 19. Bxf6 Bxf6 20. Qd7 Qb7 21. Qd5 Qb8 22. Qc6 Bg7 23. Rd7 e4 24. Nd4 Be5 25. Nb5 a6 26. Nxc7 Bxc7 27. Qf6+ Kg8 28. Qg7# 1-0